Rock Bands by Lead Singer - Statistics

General Stats
  • This quiz has been taken 323 times
  • The average score is 18 of 31
Answer Stats
Lead Singer Answer % Correct
Freddie Mercury Queen
97%
Kurt Cobain Nirvana
96%
John Lennon/Paul McCartney The Beatles
95%
Mick Jagger Rolling Stones
92%
Ozzy Osbourne Black Sabbath
90%
Robert Plant Led Zeppelin
87%
Dave Grohl Foo Fighters
80%
Billie Joe Armstrong Green Day
78%
Bon Scott/Brian Johnson AC/DC
76%
James Hetfield Metallica
75%
Phil Collins Genesis
73%
Eric Clapton Derek and the Dominoes/Cream
68%
Syd Barrett/David Gilmour Pink Floyd
66%
Johnny Rotten The Sex Pistols
63%
Eddie Vedder Pearl Jam
62%
Paul Stanley KISS
61%
Chester Bennington Linkin Park
61%
Chris Cornell Soundgarden/Audioslave
59%
Anthony Kiedis Red Hot Chili Peppers
58%
Bruce Dickinson Iron Maiden
53%
Lemmy Kilmister Motörhead
53%
Joe Strummer The Clash
45%
Ian Gillan Deep Purple
40%
Rob Halford Judas Priest
39%
Layne Staley Alice in Chains
34%
Scott Weiland Stone Temple Pilots
26%
Brian Warner(real name) Marilyn Manson
18%
M. Shadows Avenged Sevenfold
13%
Brad Delp Boston
10%
Adam Yauch(MCA) The Beastie Boys
10%
Leslie West Mountain
6%
No matching quizzes found
Score Distribution
Percent of People with Each Score
Percentile by Number Answered
Your Score History
You have not taken this quiz